=LDR 00000nam 2200000 4500 =001 INLIS000000000046055 =005 20150213135428.0 =006 =007 =008 =020 ##$$a 978.602.8552.43-1 =035 ##$$0010-021500000000616 =040 ##$$a NBPDMAT =082 ##$$a 551.578 =090 ##$$a 551.578 Pri s =100 ##$$a Prihatin Nurlathifah =245 ##$$a Saat awan menjadi hujan / Prihatin Nurlathifah =250 ##$$a Cet. 2 =260 ##$$a Banten$bTalenta Pustaka Indonesia$c2011 =300 ##$$a viii, 52 hlm. : ilus. ; 24 cm =500 ##$$a Indeks hlm : 50 =500 ##$$a Bibliografi hlm : 52 =650 ##$$a Hujan dan Curah Hujan =850 ##$$a NBPDMAT